|
|
|
|
| LEADER |
01498nam a2200409 a 4500 |
| 001 |
EBC3040426 |
| 003 |
MiAaPQ |
| 005 |
20200520144314.0 |
| 006 |
m o d | |
| 007 |
cr cn||||||||| |
| 008 |
010504s2001 gw sb 001 0 ger d |
| 010 |
|
|
|z 2001389441
|
| 020 |
|
|
|z 3484570059 (pbk. alk. paper)
|
| 020 |
|
|
|z 9783484570054
|
| 020 |
|
|
|z 9783110922165 (e-book)
|
| 035 |
|
|
|a (MiAaPQ)EBC3040426
|
| 035 |
|
|
|a (Au-PeEL)EBL3040426
|
| 035 |
|
|
|a (CaPaEBR)ebr10585546
|
| 035 |
|
|
|a (OCoLC)922943419
|
| 040 |
|
|
|a MiAaPQ
|c MiAaPQ
|d MiAaPQ
|
| 043 |
|
|
|a e-sp---
|
| 050 |
|
4 |
|a DS135.S7
|b R69 2001
|
| 082 |
0 |
4 |
|a 940.53/18
|2 21
|
| 100 |
1 |
|
|a Rother, Bernd.
|
| 245 |
1 |
0 |
|a Spanien und der Holocaust
|h [electronic resource] /
|c Bernd Rother.
|
| 260 |
|
|
|a Tubingen :
|b Niemeyer,
|c 2001.
|
| 300 |
|
|
|a vi, 359 p.
|
| 440 |
|
0 |
|a Romania Judaica,
|x 1435-098X ;
|v Bd. 5
|
| 504 |
|
|
|a Includes bibliographical references (p. [345]-353) and index.
|
| 533 |
|
|
|a Electronic reproduction. Ann Arbor, MI : ProQuest, 2015. Available via World Wide Web. Access may be limited to ProQuest affiliated libraries.
|
| 650 |
|
0 |
|a Jews
|z Spain
|x History
|y 20th century.
|
| 650 |
|
0 |
|a World War, 1939-1945
|x Jews
|x Rescue
|z Spain.
|
| 650 |
|
0 |
|a Holocaust, Jewish (1939-1945)
|x Foreign public opinion, Spanish.
|
| 651 |
|
0 |
|a Spain
|x Public opinion.
|
| 655 |
|
4 |
|a Electronic books.
|
| 710 |
2 |
|
|a ProQuest (Firm)
|
| 856 |
4 |
0 |
|u https://ebookcentral.proquest.com/lib/matrademy/detail.action?docID=3040426
|z Click to View
|